| 000 | 00710nam a2200205Ii 4500 | ||
|---|---|---|---|
| 003 | JO-AjNU | ||
| 008 | 230606s9999||||xx |||||||||||||| ||und|| | ||
| 020 | _a978-0-7486-3768-3(hardback) , 978-0-7486-3769-0(Paperback) | ||
| 040 |
_aJO-AjNU _beng _erda _cJO-AjNU |
||
| 041 | _aeng | ||
| 050 | 1 | 4 | _aPR6037.P29.Z645 2010 |
| 100 | 3 |
_aEdited by Gardiner, Michael , Willy Maley, _eauthor _92541 |
|
| 245 | 0 | 4 | _aThe Edinburgh Companion to Muriel Spark |
| 264 | 3 | 1 | _aEdinburgh: Edinburgh University Press, 2010 |
| 300 | _a152P | ||
| 336 |
_atext _btxt _2rdacontent |
||
| 337 |
_aunmediated _bn _2rdamedia |
||
| 338 |
_avolume _bnc _2rdacarrier |
||
| 650 | 4 |
_a Civilization, Classical - History - Muriel Spark _92542 |
|
| 999 |
_aE1329 _c1329 _d1329 |
||